00762 2200277 4500001002100000005001500021035002000036007000300056008004100059020001800100082001000118084001400128084001600142100002100158245005800179250001200237300003900249650002300288650002100311264005200332336002100384337003000405338002300435990001300458990001300471INLIS00000000112194920260122085551 a0010-0126000048ta260122 0 ind a9786231532909 a571.2 aPEBI 4313 aD PEBI 43130 aHamimePengarang1 aFisiologi Tumbuhan :b1-6 / PEBI4313 / 2 SKS /cHamim aEdisi 3 a374 halaman :billustrasi ;c27 cm 4aFisiologi Tumbuhan 4aPlant Physiology aTangerang Selatan :bUniversitas Terbuka,c2025 2rdacontentaTeks 2rdamediaaTanpa Perantara 2rdacarrieraVolume a26/30016 a26/90016